Southville International School and Colleges
Your cart is empty.
  • Cart
  • Lists
    Public lists list_1 View all
    Your lists Log in to create your own lists
  • Log in to your account
  • Your cookies
  • Search history
Southville International School and Colleges
  • Advanced search
  • Recent comments
  • Most popular
  • Libraries

Log in to your account

Log in with GOOGLE


If you do not have an external account, but do have a local account, you can still log in:

  1. Home
  2. MARC view: Fathers & sons :
Normal view MARC view ISBD view

Fathers & sons : (Record no. 344591)

[ view plain ]
MARC details
000 -LEADER
fixed length control field 00654nam a2200265Ia 4500
008 - FIXED-LENGTH DATA ELEMENTS--GENERAL INFORMATION
fixed length control field 171025s9999 xx 000 0 und d
020 ## - INTERNATIONAL STANDARD BOOK NUMBER
International Standard Book Number 965827224
050 ## - LIBRARY OF CONGRESS CALL NUMBER
Classification number 306.87
050 ## - LIBRARY OF CONGRESS CALL NUMBER
Item number Sn673 1988
100 ## - MAIN ENTRY--PERSONAL NAME
Personal name Snook, Randy
245 ## - TITLE STATEMENT
Title Fathers & sons :
245 ## - TITLE STATEMENT
Remainder of title photographs, quotes and essays /
245 ## - TITLE STATEMENT
Statement of responsibility, etc by Randy Snook.
250 ## - EDITION STATEMENT
Edition statement First edition
260 ## - PUBLICATION, DISTRIBUTION, ETC. (IMPRINT)
Place of publication, distribution, etc Sacramento, CA :
260 ## - PUBLICATION, DISTRIBUTION, ETC. (IMPRINT)
Name of publisher, distributor, etc Visual Press,
260 ## - PUBLICATION, DISTRIBUTION, ETC. (IMPRINT)
Date of publication, distribution, etc 1997
300 ## - PHYSICAL DESCRIPTION
Extent 138 pages :
300 ## - PHYSICAL DESCRIPTION
Other physical details illustrations ;
300 ## - PHYSICAL DESCRIPTION
Dimensions 25cm.
650 ## - SUBJECT ADDED ENTRY--TOPICAL TERM
Topical term or geographic name as entry element Fathers and sons --
650 ## - SUBJECT ADDED ENTRY--TOPICAL TERM
General subdivision Photograph.
700 ## - ADDED ENTRY--PERSONAL NAME
Personal name Title : Fathers and sons.
700 ## - ADDED ENTRY--PERSONAL NAME
Personal name Title.
Holdings
Withdrawn status Lost status Damaged status Home library Current library Date acquired Total Checkouts Full call number Barcode Date last seen Price effective from Koha item type
      Stonyhurst Southville International School (Malarayat) Stonyhurst Southville International School (Malarayat) 10/25/2017   NF 306.87 Sn673 1988 SSISM3644 10/25/2017 10/25/2017 Books

Fathers & sons :

APA

Snook R., Title : Fathers and sons & Title.Fathers & sons. Sacramento, CA: .

Chicago

Snook Randy, Title : Fathers and sons and Title.Fathers & sons. Sacramento, CA: .

Harvard

Snook R., Title : Fathers and sons and Title.Fathers & sons. Sacramento, CA: .

MLA

Snook Randy, Title : Fathers and sons and Title.Sacramento, CA: . .

  • Place hold
  • Print
  • Cite
  • Add to your cart (remove)
  • Save record
    BIBTEX Dublin Core MARCXML MARC (non-Unicode/MARC-8) MARC (Unicode/UTF-8) MARC (Unicode/UTF-8, Standard) MODS (XML) RIS
  • More searches
    Search for this title in:
    Other Libraries (WorldCat) Other Databases (Google Scholar) Online Stores (Bookfinder.com) Open Library (openlibrary.org)

Exporting to Dublin Core...

SOUTHVILLE LIBRARY

Southville International School and Colleges Library

1281 Tropical Ave. Cor. Luxembourg St., BF Homes International, Las Pinas City

Tel. No. 8256374 / 252358 Loc. 117/146

Powered by Koha